| 000 | 02058nam a2200337 i 4500 | ||
|---|---|---|---|
| 003 | DO-SdBNP | ||
| 005 | 20250416110027.0 | ||
| 007 | ta | ||
| 008 | 250416b2024 dr ac||| |||| 00| 0 spa d | ||
| 020 | _a9789945223729 | ||
| 040 |
_aDO-SdBNP _bspa _cBNPHU _erda |
||
| 041 | _aspa | ||
| 082 | 4 |
_axxx _bA658i 2024 _222 |
|
| 100 |
_aAracena, Soraya _eautor _4aut. _943422 |
||
| 245 | 1 | 4 |
_aLos inmigrantes norteamericanos de Samaná / _cSoraya Aracena ; edición y corrección, Karol González Snochowski ; prólogo, Matthew A. Randolph. |
| 250 | _aSegunda edición | ||
| 264 |
_aSanto Domingo : _bFundación Antillas, _c2024. |
||
| 300 |
_a95 páginas : _bilustraciones, retratos ; _c22 cm. |
||
| 336 |
_atexto _btxt _2rdacontent |
||
| 337 |
_asin mediación _bn _2rdamedia |
||
| 338 |
_avolumen _bnc _2rdacarrier |
||
| 500 | _aIncluye referencias bibliográficas y notas al pie de las páginas | ||
| 500 | _aIncluye datos biográficos de la autora en las solapas | ||
| 504 | _aBibliografía: páginas 93-95 | ||
| 505 | _aPrefacio. Un nuevo recorrido, 11.-- Prólogo, 13.-- Prólogo de la primera edición, 19.-- Introducción, 21.-- Geografía e historia de Samaná, 23.-- Llegada de los negros norteamericanos a Samaná, 29.-- Expresiones culturales de los negros originarios de Norteamérica en Samaná, 37.-- Culinaria, 37.-- Juegos tradicionales en Samaná, 43.-- Las religiones de los negros norteamericanos, 47.-- El metodismo wesleyano, 47.-- Cultos y ceremonias de la iglesia Evangélica en Samaná, 55.-- Cultos, 55.-- Cultos familiares, 56.-- Culto de oración, 57.-- Culto de adoración o comunión, 57.-- Culto de petición o anti-huracán, 59.-- Fiesta de aniversario de la iglesia Evangélica de Samaná, 63.-- Fiesta de la cosecha o Harvest, 64.-- Reunión junta oficiales, 68.-- La iglesia africana metodista episcopal (AME), 71.-- | ||
| 590 | _aInventariado, 2025 /LP | ||
| 700 | 1 |
_aGonzález Snochowski, Karol, _eeditor _4ed. _987471 |
|
| 700 | 1 |
_aRandolph, Matthew A. _eprologuista _4pr. _987472 |
|
| 910 | _aLP | ||
| 942 |
_2ddc _cLBS1 |
||
| 999 |
_c58729 _d58729 |
||